| 000 | 00960nam a2200253 a 4500 | ||
|---|---|---|---|
| 001 | 000028182 | ||
| 005 | 20260120073950.0 | ||
| 008 | 110407s2010 dr 000 0 spa d | ||
| 020 | _a9789945408478 | ||
| 040 |
_aDO-SdBNP _bspa _cBNPHU |
||
| 082 |
_a264.1 _bT693c |
||
| 100 | 1 |
_aTorres Rodríguez, Roberto Fermín, _d1961- _955183 |
|
| 245 | 1 | 0 |
_aCristomicina : _bcápsula de temas bíblicos / _cRoberto Torres ; prólogo Margarita Collado. |
| 260 |
_aSanto Domingo : _bArgos, _bIglesia Evangélica Misionera del Bronx, _c2010. |
||
| 300 |
_a262 p. ; _c24 cm. |
||
| 500 | _aIncluye datos bibográficos del autor en las solapas de la cubierta. | ||
| 504 | _aIncluye bibliografía y notas al pie de páginas. | ||
| 590 | _aInventariado, 2018/ YL | ||
| 650 | 4 |
_aJesucristo _xEnseñanzas _922829 |
|
| 650 | 0 |
_aVida cristiana _9668 |
|
| 650 | 0 |
_aVida espiritual _9268 |
|
| 700 | 1 |
_aCollado, Margarita _epról. _955184 |
|
| 910 | _aValidado. Control de calidad EMS | ||
| 999 |
_c27674 _d27674 |
||